| 000 | 02079 a2200409 4500 | ||
|---|---|---|---|
| 001 | 19061036 | ||
| 003 | 00000 | ||
| 005 | 20260313103403.0 | ||
| 008 | 160419t20172017paua b 001 0 eng | ||
| 010 | _a 2016018623 | ||
| 020 | _a9781975239169 | ||
| 035 | _a19061036 | ||
| 035 | _a(DNLM)101681389 | ||
| 040 |
_aDNLM/DLC _cDLC _erda _dDLC |
||
| 042 | _apcc | ||
| 050 | 0 | 0 | _aRC 440 .V53 |
| 082 | 0 | 0 |
_a616.89/0231 _223 |
| 100 | 1 |
_aVidebeck, Sheila L., _eauthor. |
|
| 245 | 1 | 0 |
_aPsychiatric-mental health nursing / _cSheila L. Videbeck, Professor Emeritus, Des Moines Area Community College, Ankeny, Iowa ; illustrations by Cathy J. Miller. |
| 250 | _a10th ed. | ||
| 264 | 1 |
_aPhiladelphia, PA : _bWolters Kluwer, _c2026 |
|
| 264 | 4 |
_c2026 _aPhiladelphia, PA : _bWolters Kluwer, |
|
| 300 | _axviii, 526p. ill. | ||
| 336 |
_atext _2rdacontent |
||
| 337 |
_aunmediated _2rdamedia |
||
| 338 |
_avolume _2rdacarrier |
||
| 504 | _aIncludes bibliographical references and index. | ||
| 505 | 0 | _aFoundations of psychiatric-mental health nursing -- Neurobiologic theories and psychopharmacology -- Psychosocial theories and therapy -- Treatment settings and therapeutic programs -- Therapeutic relationships -- Therapeutic communication -- Client's response to illness -- Assessment -- Legal and ethical issues -- Grief and loss -- Anger, hostility, and aggression -- Abuse and violence -- Trauma and stressor-related disorders -- Anxiety and anxiety disorders -- Obsessive-compulsive and related disorders -- Schizophrenia -- Mood disorders and suicide -- Personality disorders -- Addiction -- Eating disorders -- Somatic symptom illnesses -- Neurodevelopmental disorders -- Disruptive behavior disorders -- Cognitive disorders. | |
| 650 | 0 | _aPsychiatric nursing. | |
| 650 | 1 | 2 | _aPsychiatric Nursing |
| 650 | 2 | 2 |
_aMental Disorders _xnursing |
| 650 | 2 | 2 | _aNurse-Patient Relations |
| 700 | 1 |
_aMiller, C. J. _q(Cathy J.), _eillustrator. |
|
| 906 |
_a7 _bcbc _corignew _d1 _eecip _f20 _gy-gencatlg |
||
| 942 |
_2lcc _cBK |
||
| 999 |
_c44130 _d44130 |
||